Mahakavi kalidas abhijnanasakuntalm (Record no. 3137)

MARC details
000 -LEADER
fixed length control field 00481cam a2200181ua 4500
008 - FIXED-LENGTH DATA ELEMENTS--GENERAL INFORMATION
fixed length control field 111014n ii |||gr||||Z||||||asm
040 ## - CATALOGING SOURCE
Transcribing agency MAIN
082 ## - DEWEY DECIMAL CLASSIFICATION NUMBER
Classification number 891.4512
100 1# - MAIN ENTRY--PERSONAL NAME
Personal name Sarmah, Thaneswar,
Relator term
245 11 - TITLE STATEMENT
Title Mahakavi kalidas abhijnanasakuntalm
Statement of responsibility, etc. by Thaneswar Sarmah
250 ## - EDITION STATEMENT
Edition statement 4th.
260 ## - PUBLICATION, DISTRIBUTION, ETC.
Place of publication, distribution, etc. Guahati:
Name of publisher, distributor, etc. Chandra Prakash,
Date of publication, distribution, etc. 2001.
300 ## - PHYSICAL DESCRIPTION
Extent 242p:
Dimensions 23cm.
942 ## - ADDED ENTRY ELEMENTS (KOHA)
Koha item type Books
653 ## - INDEX TERM--UNCONTROLLED
Uncontrolled term Assamese
653 ## - INDEX TERM--UNCONTROLLED
Uncontrolled term Mahakavi kalidas abhijnanasakuntalm
Holdings
Withdrawn status Lost status Damaged status Not for loan Home library Current library Shelving location Date acquired Total Checkouts Full call number Barcode Date last seen Copy number Price effective from Koha item type
        Central Library, Naharkatiya College Central Library, Naharkatiya College General Stacks 19/09/2020   891.4512 | SAR 17492 19/09/2020 1 19/09/2020 Books

Naharkatiya College © 2020. All rights reserved.

Powered By